000 01122nam0a22003011 4500
001 rc\4359984
005 20200316153939.0
021 _aRU
_b[58-14486]
035 _a(NLR Aleph) 008534534
090 _a8308685
_c8308685
100 _a20130416d1958 |||y0rusy50 ca
101 0 _arus
102 _aRU
105 _aa z |||||
200 1 _aГероические былины
_f[Вступ. статья канд. филол. наук Г. Сухобрус, с. 3-20]
_gРис. Е. Кибрика
210 _aКиев
_cМолодь
_d1958
215 _a216 с., 8 л. ил.
_d23
320 _aУказатель источников публикуемых текстов
320 _aОсновные сборники былин: с. 213-215
608 _aБылины (х. л.)
_2psbo
702 1 _aСухорус
_bГ. С.
_gГалина Семеновна
_4080
702 1 _aКибрик
_bЕ. А.
_f1906-1978
_gЕвгений Адольфович
_3RU\NLR\AUTH\7765688
_4440
801 0 _aRU
_bNLR
_gpsbo
801 1 _aRU
_bELAR
_2rusmarc
852 _aNLR
_j58-5/1289
942 _cBOOK
980 _aNB